| 000 | 00606nam a2200169 a 4500 | ||
|---|---|---|---|
| 008 | 120416s1980 ||||||||||||||||| || u | ||
| 020 | _a0273013696 | ||
| 050 | _aHF 5635 Gar | ||
| 100 | _aGarbutt, Douglas | ||
| 245 | 1 | 0 | _aAccounting foundations: an introductory textbook |
| 260 |
_aLondon: _bPitman _c1980 |
||
| 300 | _axiii, 439p. | ||
| 350 | _a0.00 | ||
| 650 | _aACCOUNTING--STUDY AND TEACHING | ||
| 650 | 0 | _aACCOUNTING--HANDBOOKS, MANUALS, ETC | |
| 995 |
_D0.00 _FCBU-MAIN LIBRARY (Kitwe) _H1 _I7.95 _UAVAILABLE _ZMain Library Open Access Collection |
||
| 999 |
_c33340 _d33340 |
||